Score 0/12 Timer 02:00
0 Plays Today
Phrase Shade of Red % Correct
The _____ LetterScarlet
89.9%
Pepsi Wild _____Cherry
81.8%
_____ 5Maroon
80.4%
Alabama _____ TideCrimson
77.8%
A _____ By Any Other NameRose
73.6%
Anchorman: The Legend of Ron _____Burgundy
68.5%
California _____ ForestsRedwood
66.8%
Old _____Flame
64.2%
Pokémon: _____ and SapphireRuby
63.7%
_____ Elephants on ParadePink
63.2%
Golden _____ AwardsRaspberry
43.9%
_____ ArmyTerra Cotta
28.2%

Today's Daily Dose

Missing Word
'T' Pairs

Word Ladder
Game Pieces

Get the Picture
Baseball Movies

Remove Ads.
Support Sporcle.
Get the best of Sporcle when you Go Orange. This ad-free experience offers more features, more stats, and more fun while also helping to support Sporcle. Thank you for becoming a member.

You're not logged in!

Compare scores with friends on all Sporcle quizzes.
OR
Log In

Show Comments

Extras

Top Quizzes Today


Score Distribution

Your Account Isn't Verified!

In order to create a playlist on Sporcle, you need to verify the email address you used during registration. Go to your Sporcle Settings to finish the process.

Report this User

Report this user for behavior that violates our Community Guidelines.

Details: